| 000 | 00836cam a22002897a 4500 | ||
|---|---|---|---|
| 003 | CHAP | ||
| 005 | 20220329134157.0 | ||
| 008 | 971013s1970 r 00010 d | ||
| 010 | _a16595 | ||
| 011 | _a17567 | ||
| 035 | _a21650 | ||
| 040 | _cCHAP | ||
| 082 |
_a312 _bJ3Y |
||
| 100 | 0 | 0 |
_aJacobi, Claus. _960842 |
| 245 | 1 | 3 | _aEl diluvio humano |
| 260 |
_aMéxico, D.F., : _bRoble, _c1970 |
||
| 300 | _a183 p | ||
| 590 |
_aBATCH-UPD _b10 _c20130110 _lUCH01 _h2048 |
||
| 590 |
_aBATCH-UPD _b10 _c20130410 _lUCH01 _h1401 |
||
| 590 |
_aBATCH-UPD _b10 _c20130914 _lUCH01 _h1140 |
||
| 590 |
_aCONVERSION _b10 _c20130109 _lUCH01 _h1310 |
||
| 650 | 1 | 4 |
_aDemografía. _931742 |
| 901 | _aBK | ||
| 942 | _cLIBRO | ||
| 949 |
_a312 J3Y _bBC _cLIBRO _d-50342 _eLIBRO _h28403 _i21650 _si |
||
| 949 |
_a312 J3Y _bBC _cLIBRO _d-50343 _eLIBRO _fc.2 _h28404 _i21650 _si |
||
| 999 |
_c16595 _d16595 |
||